Rural Inspiration Awards 2020 <The> European Agricultural Fund for Rural Development

Gespeichert in:
Bibliographische Detailangaben
Körperschaft: European Commission
Weitere Verfasser: Federico, Elena Di
Format: Buch
Sprache:Englisch
Veröffentlicht: Luxembourg Publications Office of the European Union 2021
Ausgabe:1st Edition
Schriftenreihe:European Network for Rural Development
Schlagworte:
Tags: Tag hinzufügen
Keine Tags, Fügen Sie das erste Tag hinzu!

MARC

LEADER 00000nam a2200000 4500
001 0278309
005 20240306142034.2
020 |a 978-92-76-36166-4 
022 |a 2529-4954 
041 0 |a eng 
044 |a LU 
245 1 0 |a Rural Inspiration Awards 2020  |b <The> European Agricultural Fund for Rural Development  |c Editor: Elena Di Federico 
250 |a 1st Edition 
264 1 |a Luxembourg  |b Publications Office of the European Union  |c 2021 
300 |a 28 s. 
490 1 |a European Network for Rural Development 
830 0 |a European Network for Rural Development 
610 2 0 |a vidiek 
610 2 0 |a poľnohospodárstvo 
610 2 0 |a plodiny poľnohospodárske 
610 2 0 |a zmeny klimatické 
610 2 0 |a emisie 
610 2 0 |a hnojivá 
610 2 0 |a pôda 
610 2 0 |a lesy 
610 2 0 |a využitie energie 
610 2 0 |a farmy 
610 2 0 |a rozvoj vidieka 
610 2 0 |a porovnanie medzinárodné 
700 1 |a Federico, Elena Di 
710 2 |a European Commission